000 00607nam a2200193Ia 4500
005 20250508152727.0
008 008 250505s9999 xx 000 0 eng d
037 _aTextBook
040 _aFEDL
_beng
_cFEDL
041 _aeng
_2eng
084 _a370.1, BLO
_qFEDL
100 _aBloom Benjamin S and others Ed.
_9762230
245 0 _aTaxonomy of educational objectives :The classification of educational goals
260 _aNew York, USA
_bLongmans, Green and Co.
_c1956
300 _a207p
650 _aEducation-Philosophy
_921056
942 _cTB
_h370.1, BLO
999 _c1338353
_d1338353